Personaggi famosi nati a Bari - Statistics

Statistiche generali
  • Questo quiz è stato fatto 105 volte
  • Il punteggio medio è 4 su 5
Statistiche sulle risposte
con Immagini Risposta % Corretto
Checco Zalone
98%
Antonio Cassano
87%
Anna Oxa
81%
Serena Brancale
73%
Nichi Vendola
49%
Nessun quiz corrispondente trovato
Distribuzione punteggi
Percentuale di utenti per punteggio
Percentile per numero di risposta
I tuoi punteggi nel tempo
Non hai fatto questo quiz